Gaz halogènes - Statistiques

Statistiques générales
  • Ce quiz a été pris 177 fois
  • Le résultat moyen est 4 sur 5
Statistiques - réponses
Numéro atomique Halogène % Correct
9 Fluor
94%
17 Chlore
85%
53 Iode
73%
35 Brome
71%
85 Astate
42%
Aucun quiz correspondant
Distribution des résultats
% des personnes avec chaque résultat
Percentile par nombre de réponses
Votre historique - résultats
Vous n’avez pas pris ce quiz